00664 a2200169 45000010006000000050017000060080041000230030015000640400040000790800085001192450032002042640033002363000032002695050161003010410008004621000024004706018620260407155853.0260407a1961 arg spa dAR-UNSa-BCEJYS aAR-UNSa-BCEJYSbspacAR-UNSa-BCEJYS a342.4xConstituciones. Asambleas legislativas. Asambleas nacionales (Reforma...)10aLas constituciones vigentes 1aBuenos Aires :bPerrotc1961 a2 v. (634 ; 574 p.)c24 cm. aTomo I: Constituciones de América - Tomo II: Constituciones de Europa - Tomo III: Constituciones de Asia - Tomo IV: Constituciones de África y Oceanía aspa1 aOvidio Zavala, Juan